El problema homosexual

Uloženo v:
Podrobná bibliografie
Hlavní autor: Oraison, Marc
Médium: Kniha
Jazyk:angličtina
Tagy: Přidat tag
Žádné tagy, Buďte první, kdo vytvoří štítek k tomuto záznamu!

MARC

LEADER 00000nam a2200000 4500
001 CDOM0000002612
003 mi
005 20250922135010.0
008 250922b |||||||| |||| 00| 0 eng d
040 |c mi 
100 |a Oraison, Marc 
245 1 |a El problema homosexual  
942 |2 ddc  |c BK 
952 |0 0  |1 0  |2 ddc  |4 0  |7 0  |9 6098  |a MI  |b MI  |d 1988-02-05  |i 808  |l 0  |p CDOM808  |r 2025-07-13 16:28:00  |w 2025-07-13  |x SCAMBIO INTERBIBLIOTECARIO  |y BK 
999 |c 4871  |d 4871